000 002760000a22001090004500
090 _aAS
_bSeriadas
245 1 0 _aAristoloquiáceas nuevas de Colombia
041 0 _aEspañol
100 1 _aUribe Uribe, Lorenzo
_996776
942 _cARTICULO
773 1 _tCaldasia
_h31
_q33-38
_d1955
_g7
999 _c15826
_d15826